Formulación de un modelo organizacional para la Secretaría Técnica Nacional Ambiental
Guardado en:
| 主要作者: | |
|---|---|
| 其他作者: | , |
| 格式: | 圖書 |
| 出版: |
[San José, Costa Rica]
2007
|
| 主題: | |
| 標簽: |
添加標簽
沒有標簽, 成為第一個標記此記錄!
|
MARC
| LEADER | 00000nam a2200000Ia 4500 | ||
|---|---|---|---|
| 003 | 009989 | ||
| 005 | 20221231144129.0 | ||
| 008 | 140114s2007 cr a m 000 ||s d | ||
| 040 | |c cru CEDI | ||
| 090 | |a TFG 5518 | ||
| 100 | |a Blanco Torres, Fiorella |9 5978 | ||
| 245 | |a Formulación de un modelo organizacional para la Secretaría Técnica Nacional Ambiental | ||
| 260 | |c 2007 |a [San José, Costa Rica] | ||
| 300 | |a 2 volúmenes : ilustraciones a color | ||
| 500 | |a Proyecto de graduación (licenciatura en ingeniería industrial)--Universidad de Costa Rica. Facultad de Ingeniería. Escuela de Ingeniería Industrial En el CEDI solo se encuentra el Volumen 2 | ||
| 650 | |x COSTA RICA. SECRETARIA TECNICA NACIONAL AMBIENTAL |x ADMINISTRACION |x GESTION AMBIENTAL |x SERVICIO AL CLIENTE |x INVESTIGACIONES |9 5981 | ||
| 700 | |9 5979 |a Campos Rodríguez, Jeanina | ||
| 700 | |9 5980 |a Peralta Rojas, Ana Catalina | ||
| 942 | |c TFG | ||
| 999 | |c 17340 |d 17340 | ||
